The byte guide to CP/M-86 / (Record no. 180548)
[ view plain ]
| 000 -LEADER | |
|---|---|
| fixed length control field | 00694 a2200181 4500 |
| 003 - CONTROL NUMBER IDENTIFIER | |
| control field | Nust |
| 005 - DATE AND TIME OF LATEST TRANSACTION | |
| control field | 20221006134701.0 |
| 010 ## - LIBRARY OF CONGRESS CONTROL NUMBER | |
| LC control number | 83019613 |
| 020 ## - INTERNATIONAL STANDARD BOOK NUMBER | |
| International Standard Book Number | 0070150729 (pbk.) : |
| 040 ## - CATALOGING SOURCE | |
| Transcribing agency | Nust |
| 082 00 - DEWEY DECIMAL CLASSIFICATION NUMBER | |
| Classification number | 005.43,DAH |
| 100 1# - MAIN ENTRY--PERSONAL NAME | |
| Personal name | Dahmke, Mark. |
| 245 14 - TITLE STATEMENT | |
| Title | The byte guide to CP/M-86 / |
| Statement of responsibility, etc. | Mark Dahmke. |
| 260 ## - PUBLICATION, DISTRIBUTION, ETC. | |
| Place of publication, distribution, etc. | New York : |
| Name of publisher, distributor, etc. | McGraw-Hill, |
| Date of publication, distribution, etc. | c1984. |
| 300 ## - PHYSICAL DESCRIPTION | |
| Extent | xiii, 254 p. : |
| Other physical details | ill. ; |
| Dimensions | 23 cm. |
| 505 ## - FORMATTED CONTENTS NOTE | |
| Formatted contents note | Introduction: What Is CP/M-86? (Page-1), Building In Commands (Page-23), Transient Commands And Utilities (Page-29), Programmers Tools (Page-67), The BDOS And How To Use It (Page-99), The BIOS (Page-141), How To Customize The BIOS (Page-149). |
| 942 ## - ADDED ENTRY ELEMENTS (KOHA) | |
| Source of classification or shelving scheme | |
| Koha item type | Book |
| Call number prefix | 005.43,DAH |
| Withdrawn status | Lost status | Source of classification or shelving scheme | Damaged status | Not for loan | Permanent Location | Current Location | Shelving location | Date acquired | Full call number | Barcode | Date last seen | Price effective from | Koha item type | Public note |
|---|---|---|---|---|---|---|---|---|---|---|---|---|---|---|
| Military College of Signals (MCS) | Military College of Signals (MCS) | General Stacks | 12/12/2016 | 005.43,DAH | MCS1854 | 12/08/2016 | 12/12/2016 | Book | Almirah No.81, Shelf No.1 | |||||
| Military College of Signals (MCS) | Military College of Signals (MCS) | General Stacks | 12/12/2016 | 005.43,DAH | MCS1855 | 12/08/2016 | 12/12/2016 | Book | Almirah No.6, Shelf No.2 |
